A practical guide to the NEC3 engineering and construction contract (Record no. 113157)

MARC details
000 -LEADER
fixed length control field 00794cam a22002295a 4500
001 - CONTROL NUMBER
control field L154793
008 - FIXED-LENGTH DATA ELEMENTS--GENERAL INFORMATION
fixed length control field 120118s2011 xxk f 000 0 eng d
020 ## - INTERNATIONAL STANDARD BOOK NUMBER
International Standard Book Number 9781444336887
035 ## - SYSTEM CONTROL NUMBER
System control number (Sirsi) u154793
041 0# - LANGUAGE CODE
Language code of text/sound track or separate title eng
050 04 - LIBRARY OF CONGRESS CALL NUMBER
Classification number 624.08
100 1# - MAIN ENTRY--PERSONAL NAME
Personal name Rowlinson, Michael
245 02 - TITLE STATEMENT
Title A practical guide to the NEC3 engineering and construction contract
260 ## - PUBLICATION, DISTRIBUTION, ETC.
Place of publication, distribution, etc. Sussex
Name of publisher, distributor, etc. John Wiley & Sons Ltd.
Date of publication, distribution, etc. 2011
350 ## - PRICE (NR) (BK AM CF MU VM SE) [OBSOLETE]
Price 65
520 ## - SUMMARY, ETC.
Summary, etc. Intended as a guide to the application of the procedures detailed in NEC3, it also aims to provide a better understanding of other contracts and thus steer the reader towards the ECC-favoured collaborative project management approach.
590 ## - LOCAL NOTE (RLIN)
Local note KA
651 #4 - SUBJECT ADDED ENTRY--GEOGRAPHIC NAME
Geographic name International
690 ## - LOCAL SUBJECT ADDED ENTRY--TOPICAL TERM (OCLC, RLIN)
Topical term or geographic name as entry element Contracts
9 (RLIN) 6232
942 ## - ADDED ENTRY ELEMENTS (KOHA)
Suppress in OPAC 0
Holdings
Withdrawn status Lost status Source of classification or shelving scheme Damaged status Not for loan Home library Current library Shelving location Date acquired Total Checkouts Full call number Barcode Date last seen Copy number Price effective from Koha item type
    Dewey Decimal Classification     London London Books 18/01/2012   624.08 ROW 30077280 06/08/2019 1 06/08/2019 Book